000 00509nam a2200169Ia 4500
005 20250423095518.0
008 250422s9999 xx 000 0 und d
020 _a1560552093
050 _aRE 871 .G577/
245 0 _aGlaucoma : basic and clinical science course, section 10 (2000 - 2001)
260 _aCheltenham
260 _bThe Foundation of the American academy of Ophthalmology
260 _c2000
300 _a208 p
650 _aGlaucoma. Glaucoma--diagnosis. Glaucoma--therapy.
942 _cBK
999 _c30497
_d30497